ბათუმის შოთა რუსთაველის სახელმწიფო უნივერსიტეტის ბიბლიოთეკა

ჩანაწერი Personal Name

ჩანაწერთა რაოდენობა, რომელიც გამოყენებულია: 4

001 - CONTROL NUMBER

  • control field: 753

003 - CONTROL NUMBER IDENTIFIER

  • control field: GE_BSU

005 - DATE AND TIME OF LATEST TRANSACTION

  • control field: 20190506120450.0

008 - FIXED-LENGTH DATA ELEMENTS

  • fixed length control field: 190506|| aca||aabn | a|a d

040 ## - CATALOGING SOURCE

  • Original cataloging agency: GE_BSU
  • Transcribing agency: GE_BSU

100 ## - HEADING--PERSONAL NAME

  • Personal name: დანელია, სერგი,
  • Dates associated with a name: 1888-1963
  • Titles and other words associated with a name: ფილოსოფოსი,

670 ## - SOURCE DATA FOUND

  • Source citation: Work cat.: (GE_BSU)36235: დანელია, სერგი, 1888-1963 ფილოსოფოსი,, ანტიკური ფილოსოფიის ნარკვევები /